The atlas of environmental migration (Record no. 77735)
[ view plain ]
| 000 -LEADER | |
|---|---|
| fixed length control field | 01049nam a22003257a 4500 |
| 003 - CONTROL NUMBER IDENTIFIER | |
| control field | CBULib |
| 005 - DATE AND TIME OF LATEST TRANSACTION | |
| control field | 20240913090351.0 |
| 008 - FIXED-LENGTH DATA ELEMENTS--GENERAL INFORMATION | |
| fixed length control field | 230503b |||||||| |||| 00| 0 eng d |
| 020 ## - INTERNATIONAL STANDARD BOOK NUMBER | |
| International Standard Book Number | 9781138022065 |
| 040 ## - CATALOGING SOURCE | |
| Original cataloging agency | CBULib |
| Transcribing agency | CBULib |
| Language of cataloging | English |
| Description conventions | rda |
| 041 ## - LANGUAGE CODE | |
| Language code of text/sound track or separate title | eng |
| 050 ## - LIBRARY OF CONGRESS CALL NUMBER | |
| Classification number | G 1046.E27 Lon |
| 100 ## - MAIN ENTRY--PERSONAL NAME | |
| Personal name | Lonesco, Dina |
| 9 (RLIN) | 268 |
| 245 ## - TITLE STATEMENT | |
| Title | The atlas of environmental migration |
| Statement of responsibility, etc | / by Dina Ionesco, Daria Mokhnacheva and Fraçois Gemenne |
| 260 ## - PUBLICATION, DISTRIBUTION, ETC. (IMPRINT) | |
| Place of publication, distribution, etc | New York : |
| Name of publisher, distributor, etc | Routledge, |
| Date of publication, distribution, etc | 2017 |
| 300 ## - PHYSICAL DESCRIPTION | |
| Extent | xv, 152 pages : illustrations |
| 336 ## - CONTENT TYPE | |
| Source | rdacontent |
| Content type term | Text | |
| Content type code | txt |
| 337 ## - MEDIA TYPE | |
| Source | rdamedia |
| Media type term | Unmediated | |
| Media type code | n |
| 338 ## - CARRIER TYPE | |
| Source | rdacarrier |
| Carrier type term | Volume |
| Carrier type code | nc |
| 490 ## - SERIES STATEMENT | |
| Series statement | Earthscan from Routledge |
| 504 ## - BIBLIOGRAPHY, ETC. NOTE | |
| Bibliography, etc | Includes bibliographic references and index. |
| 650 #0 - SUBJECT ADDED ENTRY--TOPICAL TERM | |
| Topical term or geographic name as entry element | HUMAN BEINGS--MIGRATIONS |
| 9 (RLIN) | 269 |
| 650 #0 - SUBJECT ADDED ENTRY--TOPICAL TERM | |
| Topical term or geographic name as entry element | CLIMATE CHANGE |
| 9 (RLIN) | 270 |
| 650 #0 - SUBJECT ADDED ENTRY--TOPICAL TERM | |
| Topical term or geographic name as entry element | ATLASES |
| 9 (RLIN) | 271 |
| 650 #0 - SUBJECT ADDED ENTRY--TOPICAL TERM | |
| Topical term or geographic name as entry element | MIGRATION |
| 9 (RLIN) | 272 |
| 650 #0 - SUBJECT ADDED ENTRY--TOPICAL TERM | |
| Topical term or geographic name as entry element | EMIGRATION AND IMMIGRATION |
| 9 (RLIN) | 273 |
| 700 1# - ADDED ENTRY--PERSONAL NAME | |
| Personal name | Mokhnacheva, Daria |
| 9 (RLIN) | 274 |
| 700 1# - ADDED ENTRY--PERSONAL NAME | |
| Personal name | Gemenne, François, |
| 9 (RLIN) | 275 |
| Dates associated with a name | 1980- |
| 942 ## - ADDED ENTRY ELEMENTS (KOHA) | |
| Koha item type | MONOGRAPH |
| Source of classification or shelving scheme | |
| Withdrawn status | Lost status | Source of classification or shelving scheme | Damaged status | Not for loan | Collection code | Permanent Location | Current Location | Shelving location | Date acquired | Source of acquisition | Cost, normal purchase price | Total Checkouts | Full call number | Barcode | Date last seen | Copy number | Cost, replacement price | Price effective from | Koha item type |
|---|---|---|---|---|---|---|---|---|---|---|---|---|---|---|---|---|---|---|---|
| Main Library Open Access Collection | CBU-MAIN LIBRARY, KITWE. | CBU-MAIN LIBRARY, KITWE. | General Stacks | 05/03/2023 | DON-BOOKAID | 63.54 | G 1046.E27 Lon | 752040 | 05/03/2023 | 1 | 76.25 | 05/03/2023 | MONOGRAPH | ||||||
| Mpika Library Collection | CBU-MPIKA LIBRARY, MPIKA CAMPUS. | CBU-MAIN LIBRARY, KITWE. | General Stacks | 05/29/2023 | DON-BOOKAID | G 1046.E27 Lon | 752039 | 05/29/2023 | 1 | 05/29/2023 | MONOGRAPH | ||||||||
| CBU-Lusaka Campus | CBU- LUSAKA CAMPUS | CBU-MAIN LIBRARY, KITWE. | General Stacks | 09/13/2024 | DON-BOOKAID | 63.54 | G 1046. E27 Lon | 752679 | 09/13/2024 | 3 | 09/13/2024 | MONOGRAPH | |||||||
| CBU-Lusaka Campus | CBU- LUSAKA CAMPUS | CBU-MAIN LIBRARY, KITWE. | General Stacks | 09/13/2024 | DON-BOOKAID | 63.54 | G 1046. E27 Lon | 752678 | 09/13/2024 | 4 | 09/13/2024 | MONOGRAPH |